ការប្រៀបធៀបនៃការប្រើប្រាស់ជីប្រភេទផ្សេងៗទៅលើការលូតលាស់ របស់ស្ពៃក្រញ៉ាញ់ (a comparison of different fertilizers on chinese cabbage) (Record no. 400)
[ view plain ]
| 000 -LEADER | |
|---|---|
| fixed length control field | 00627nam a22001577a 4500 |
| 003 - CONTROL NUMBER IDENTIFIER | |
| control field | OSt |
| 005 - DATE AND TIME OF LATEST TRANSACTION | |
| control field | 20150914085144.0 |
| 008 - FIXED-LENGTH DATA ELEMENTS--GENERAL INFORMATION | |
| fixed length control field | 150914b xxu||||| |||| 00| 0 eng d |
| 040 ## - CATALOGING SOURCE | |
| Transcribing agency | RUA |
| 082 ## - DEWEY DECIMAL CLASSIFICATION NUMBER | |
| Classification number | AGR SAM 2000 B022 Or.1 |
| 100 ## - MAIN ENTRY--PERSONAL NAME | |
| 9 (RLIN) | 422 |
| Personal name | SAM, NANG. |
| 245 ## - TITLE STATEMENT | |
| Title | ការប្រៀបធៀបនៃការប្រើប្រាស់ជីប្រភេទផ្សេងៗទៅលើការលូតលាស់ របស់ស្ពៃក្រញ៉ាញ់ (a comparison of different fertilizers on chinese cabbage) |
| 260 ## - PUBLICATION, DISTRIBUTION, ETC. (IMPRINT) | |
| Place of publication, distribution, etc. | Phnom Penh |
| Name of publisher, distributor, etc. | RUA |
| Date of publication, distribution, etc. | 2000 |
| 300 ## - PHYSICAL DESCRIPTION | |
| Extent | 47p. |
| Other physical details | ill. |
| Dimensions | 29cm. |
| 942 ## - ADDED ENTRY ELEMENTS (KOHA) | |
| Source of classification or shelving scheme | |
| Koha item type | AGR |
| Price effective from | Date last seen | Permanent Location | Not for loan | Date acquired | Source of classification or shelving scheme | Koha item type | Lost status | Withdrawn status | Date last checked out | Total Checkouts | Shelving location | Damaged status | Barcode | Current Location | Full call number |
|---|---|---|---|---|---|---|---|---|---|---|---|---|---|---|---|
| 2015-09-14 | 2020-07-03 | Library Block B | 2015-09-14 | AGR | 2020-06-05 | 1 | B022 | RUA001797 | Library Block B | AGR SAM 2000 B022 Or.1 | |||||
| 2015-09-14 | 2021-01-19 | Library Block B | 2015-09-14 | AGR | 2021-01-08 | 3 | B022 | RUA001869 | Library Block B | AGR SAM 2000 B022 Or.2 | |||||
| 2015-09-14 | 2015-09-14 | Library Block B | 2015-09-14 | AGR | B022 | RUA001941 | Library Block B | AGR SAM 2000 B022 Or.3 | |||||||
| 2015-09-14 | 2018-10-03 | Library Block B | 2015-09-14 | AGR | 2018-09-18 | 2 | B022 | RUA001838 | Library Block B | AGR SAM 2000 B022 Or.4 | |||||
| 2015-09-14 | 2016-09-26 | Library Block B | 2015-09-14 | AGR | 2016-08-31 | 1 | B022 | RUA001854 | Library Block B | AGR SAM 2000 B022 Or.5 | |||||
| 2015-09-27 | 2016-11-07 | Library Block B | 2015-09-27 | AGR | 2016-10-14 | 1 | B022 | RUA008520 | Library Block B | AGR SAM 2000 B022 Or.6 |